[Event "NK21_Hoogeveen Open"]
[Site "Hoogeveen, Netherlands"]
[Date "2021.10.22"]
[Round "8.1"]
[White "Hovenga, Alje"]
[Black "Arabi, Osama"]
[Result "1-0"]
[WhiteElo "2212"]
[BlackElo "1940"]

1. d4 {[%clk 01:30:55]} {[%emt 00:00:04]} Nf6 {[%clk 01:30:10]} {[%emt
00:00:50]} 2. c4 {[%clk 01:31:14]} {[%emt 00:00:11]} e6 {[%clk 01:30:32]}
{[%emt 00:00:08]} 3. Nc3 {[%clk 01:31:36]} {[%emt 00:00:08]} Bb4 {[%clk
01:30:55]} {[%emt 00:00:08]} 4. Qc2 {[%clk 01:31:40]} {[%emt 00:00:25]} d5
{[%clk 01:30:43]} {[%emt 00:00:41]} 5. cxd5 {[%clk 01:31:59]} {[%emt 00:00:13]}
exd5 {[%clk 01:28:57]} {[%emt 00:02:16]} 6. Bg5 {[%clk 01:31:56]} {[%emt
00:00:32]} h6 {[%clk 01:28:44]} {[%emt 00:00:44]} 7. Bh4 {[%clk 01:31:43]}
{[%emt 00:00:43]} c6 {[%clk 01:23:21]} {[%emt 00:05:53]} 8. e3 {[%clk
01:31:19]} {[%emt 00:00:54]} Be6 {[%clk 01:13:51]} {[%emt 00:10:01]} 9. Bd3
{[%clk 01:29:38]} {[%emt 00:02:10]} Nbd7 {[%clk 01:13:33]} {[%emt 00:00:49]} 10.
Nge2 {[%clk 01:29:21]} {[%emt 00:00:45]} Rc8 {[%clk 01:12:49]} {[%emt
00:01:15]} 11. Nf4 {[%clk 01:16:55]} {[%emt 00:12:55]} Qe7 {[%clk 01:06:44]}
{[%emt 00:06:34]} 12. Nxe6 {[%clk 01:12:00]} {[%emt 00:05:25]} fxe6 {[%clk
01:06:54]} {[%emt 00:00:21]} 13. Bg6+ {[%clk 01:10:11]} {[%emt 00:02:20]} Kd8
{[%clk 01:05:20]} {[%emt 00:02:04]} 14. O-O {[%clk 01:07:06]} {[%emt 00:03:34]}
Nf8 {[%clk 01:03:06]} {[%emt 00:02:44]} 15. Rac1 {[%clk 01:02:06]} {[%emt
00:05:30]} Nxg6 {[%clk 01:01:57]} {[%emt 00:01:39]} 16. Qxg6 {[%clk 01:01:36]}
{[%emt 00:01:00]} Rf8 {[%clk 01:01:40]} {[%emt 00:00:47]} 17. f3 {[%clk
00:59:06]} {[%emt 00:03:00]} Qf7 {[%clk 00:59:33]} {[%emt 00:02:37]} 18. Qd3
{[%clk 00:52:39]} {[%emt 00:06:57]} Bd6 {[%clk 00:58:56]} {[%emt 00:01:07]} 19.
Bxf6+ {[%clk 00:46:50]} {[%emt 00:06:19]} Qxf6 {[%clk 00:50:32]} {[%emt
00:08:54]} 20. Rc2 {[%clk 00:39:25]} {[%emt 00:07:55]} g5 {[%clk 00:39:36]}
{[%emt 00:11:26]} 21. e4 {[%clk 00:38:19]} {[%emt 00:01:36]} Qg6 {[%clk
00:38:54]} {[%emt 00:01:12]} 22. Qe2 {[%clk 00:37:58]} {[%emt 00:00:51]} Rc7
{[%clk 00:31:37]} {[%emt 00:07:48]} 23. e5 {[%clk 00:35:52]} {[%emt 00:02:35]}
Bb4 {[%clk 00:31:12]} {[%emt 00:00:54]} 24. Rfc1 {[%clk 00:34:32]} {[%emt
00:01:50]} Bxc3 {[%clk 00:30:31]} {[%emt 00:01:12]} 25. Rxc3 {[%clk 00:28:19]}
{[%emt 00:06:42]} Rf4 {[%clk 00:28:33]} {[%emt 00:02:28]} 26. Qd3 {[%clk
00:24:47]} {[%emt 00:04:02]} Qxd3 {[%clk 00:28:11]} {[%emt 00:00:52]} 27. Rxd3
{[%clk 00:25:11]} {[%emt 00:00:06]} Rcf7 {[%clk 00:28:03]} {[%emt 00:00:38]} 28.
h3 {[%clk 00:23:56]} {[%emt 00:01:44]} h5 {[%clk 00:28:11]} {[%emt 00:00:22]}
29. Kf2 {[%clk 00:23:35]} {[%emt 00:00:52]} h4 {[%clk 00:26:47]} {[%emt
00:01:54]} 30. b4 {[%clk 00:21:12]} {[%emt 00:02:53]} a6 {[%clk 00:26:30]}
{[%emt 00:00:47]} 31. Ke3 {[%clk 00:19:29]} {[%emt 00:02:12]} g4 {[%clk
00:22:50]} {[%emt 00:04:10]} 32. hxg4 {[%clk 00:16:05]} {[%emt 00:03:53]} h3
{[%clk 00:23:13]} {[%emt 00:00:08]} 33. Ke2 {[%clk 00:14:04]} {[%emt 00:02:31]}
hxg2 {[%clk 00:22:20]} {[%emt 00:01:23]} 34. Rg1 {[%clk 00:14:09]} {[%emt
00:00:24]} Rh7 {[%clk 00:22:48]} {[%emt 00:00:03]} 35. Kf2 {[%clk 00:13:54]}
{[%emt 00:00:44]} Rh1 {[%clk 00:22:31]} {[%emt 00:00:48]} 36. Kxg2 {[%clk
00:13:27]} {[%emt 00:00:56]} Rxg1+ {[%clk 00:22:39]} {[%emt 00:00:22]} 37. Kxg1
{[%clk 00:13:51]} {[%emt 00:00:06]} a5 {[%clk 00:22:56]} {[%emt 00:00:14]} 38.
a3 {[%clk 00:12:43]} {[%emt 00:01:37]} axb4 {[%clk 00:23:13]} {[%emt 00:00:13]}
39. axb4 {[%clk 00:13:07]} {[%emt 00:00:06]} b6 {[%clk 00:23:36]} {[%emt
00:00:08]} 40. Kf2 {[%clk 00:12:11]} {[%emt 00:01:25]} c5 {[%clk 00:22:14]}
{[%emt 00:01:52]} 41. Ke3 {[%clk 00:07:57]} {[%emt 00:04:44]} Rxd4 {[%clk
00:22:00]} {[%emt 00:00:44]} 42. Rxd4 {[%clk 00:08:17]} {[%emt 00:00:11]} cxd4+
{[%clk 00:22:21]} {[%emt 00:00:09]} 43. Kxd4 {[%clk 00:08:40]} {[%emt
00:00:07]} Ke8 {[%clk 00:21:53]} {[%emt 00:00:59]} 44. f4 {[%clk 00:09:02]}
{[%emt 00:00:07]} Ke7 {[%clk 00:22:07]} {[%emt 00:00:17]} 45. f5 {[%clk
00:09:23]} {[%emt 00:00:09]} Kf7 {[%clk 00:22:31]} {[%emt 00:00:06]} 46. fxe6+
{[%clk 00:09:39]} {[%emt 00:00:13]} Kxe6 {[%clk 00:22:59]} {[%emt 00:00:02]} 47.
b5 {[%clk 00:09:57]} {[%emt 00:00:12]} 1-0

[Event "NK21_Hoogeveen Open"]
[Site "Hoogeveen, Netherlands"]
[Date "2021.10.22"]
[Round "8.2"]
[White "Bezemer, Arno"]
[Black "Meurs, Tom"]
[Result "1-0"]
[WhiteElo "2283"]
[BlackElo "2217"]

1. e4 {[%clk 01:30:54]} {[%emt 00:00:05]} e5 {[%clk 01:30:45]} {[%emt
00:00:15]} 2. Nf3 {[%clk 01:31:04]} {[%emt 00:00:20]} Nc6 {[%clk 01:31:09]}
{[%emt 00:00:07]} 3. Bb5 {[%clk 01:31:25]} {[%emt 00:00:09]} Nge7 {[%clk
01:31:26]} {[%emt 00:00:13]} 4. d4 {[%clk 01:22:40]} {[%emt 00:09:16]} exd4
{[%clk 01:30:52]} {[%emt 00:01:04]} 5. Nxd4 {[%clk 01:22:59]} {[%emt 00:00:10]}
Nxd4 {[%clk 01:31:16]} {[%emt 00:00:06]} 6. Qxd4 {[%clk 01:23:21]} {[%emt
00:00:08]} Nc6 {[%clk 01:31:38]} {[%emt 00:00:07]} 7. Qe3 {[%clk 01:20:52]}
{[%emt 00:02:59]} Be7 {[%clk 01:31:56]} {[%emt 00:00:13]} 8. Nc3 {[%clk
01:20:18]} {[%emt 00:01:04]} O-O {[%clk 01:32:04]} {[%emt 00:00:22]} 9. O-O
{[%clk 01:14:34]} {[%emt 00:06:13]} Re8 {[%clk 01:32:08]} {[%emt 00:00:27]} 10.
Nd5 {[%clk 01:04:34]} {[%emt 00:10:31]} Nb4 {[%clk 01:32:29]} {[%emt 00:00:09]}
11. Nxb4 {[%clk 01:02:56]} {[%emt 00:02:08]} Bxb4 {[%clk 01:32:40]} {[%emt
00:00:18]} 12. Qf3 {[%clk 00:57:04]} {[%emt 00:06:21]} Qe7 {[%clk 01:15:50]}
{[%emt 00:17:20]} 13. Bf4 {[%clk 00:53:53]} {[%emt 00:03:42]} a6 {[%clk
01:13:44]} {[%emt 00:02:36]} 14. Ba4 {[%clk 00:42:41]} {[%emt 00:11:42]} b5
{[%clk 01:05:34]} {[%emt 00:08:40]} 15. e5 {[%clk 00:41:45]} {[%emt 00:01:26]}
Rb8 {[%clk 00:54:56]} {[%emt 00:11:08]} 16. Bb3 {[%clk 00:40:19]} {[%emt
00:01:55]} Bb7 {[%clk 00:49:27]} {[%emt 00:06:00]} 17. Qg4 {[%clk 00:25:55]}
{[%emt 00:14:54]} Bc5 {[%clk 00:37:18]} {[%emt 00:12:39]} 18. Rfe1 {[%clk
00:16:42]} {[%emt 00:09:42]} d6 {[%clk 00:32:54]} {[%emt 00:04:55]} 19. Rad1
{[%clk 00:08:52]} {[%emt 00:08:20]} Kh8 {[%clk 00:29:55]} {[%emt 00:03:29]} 20.
Kf1 {[%clk 00:04:54]} {[%emt 00:04:28]} Qf8 {[%clk 00:20:06]} {[%emt 00:10:20]}
21. c3 {[%clk 00:04:05]} {[%emt 00:01:19]} f5 {[%clk 00:05:10]} {[%emt
00:15:26]} 22. Qg3 {[%clk 00:04:15]} {[%emt 00:00:19]} dxe5 {[%clk 00:05:14]}
{[%emt 00:00:26]} 23. Bxe5 {[%clk 00:04:16]} {[%emt 00:00:30]} Re7 {[%clk
00:03:57]} {[%emt 00:01:48]} 24. Bxc7 {[%clk 00:02:58]} {[%emt 00:01:46]} Rbe8
{[%clk 00:04:25]} {[%emt 00:00:03]} 25. f3 {[%clk 00:02:33]} {[%emt 00:00:55]}
Qf6 {[%clk 00:03:53]} {[%emt 00:01:02]} 26. Rxe7 {[%clk 00:02:16]} {[%emt
00:00:47]} Qxe7 {[%clk 00:03:55]} {[%emt 00:00:28]} 27. Re1 {[%clk 00:01:42]}
{[%emt 00:01:03]} Qd7 {[%clk 00:02:38]} {[%emt 00:01:48]} 28. Rxe8+ {[%clk
00:01:58]} {[%emt 00:00:14]} Qxe8 {[%clk 00:03:06]} {[%emt 00:00:02]} 29. Qe5
{[%clk 00:01:34]} {[%emt 00:00:54]} Qf8 {[%clk 00:02:22]} {[%emt 00:01:15]} 30.
Bc2 {[%clk 00:01:35]} {[%emt 00:00:29]} Bc8 {[%clk 00:01:49]} {[%emt 00:01:02]}
31. Bd3 {[%clk 00:01:38]} {[%emt 00:00:27]} h6 {[%clk 00:01:56]} {[%emt
00:00:23]} 32. Qe2 {[%clk 00:01:29]} {[%emt 00:00:38]} Ba7 {[%clk 00:02:08]}
{[%emt 00:00:19]} 33. Be5 {[%clk 00:01:48]} {[%emt 00:00:11]} b4 {[%clk
00:02:05]} {[%emt 00:00:33]} 34. Bd4 {[%clk 00:01:24]} {[%emt 00:00:54]} Bc5
{[%clk 00:01:09]} {[%emt 00:01:26]} 35. Qe3 {[%clk 00:01:25]} {[%emt 00:00:28]}
Bxd4 {[%clk 00:00:53]} {[%emt 00:00:46]} 36. Qxd4 {[%clk 00:01:14]} {[%emt
00:00:41]} bxc3 {[%clk 00:01:12]} {[%emt 00:00:12]} 37. bxc3 {[%clk 00:01:22]}
{[%emt 00:00:22]} Be6 {[%clk 00:01:03]} {[%emt 00:00:39]} 38. a4 {[%clk
00:00:55]} {[%emt 00:00:56]} Qa3 {[%clk 00:01:25]} {[%emt 00:00:08]} 39. Bxa6
{[%clk 00:00:49]} {[%emt 00:00:36]} Qc1+ {[%clk 00:01:08]} {[%emt 00:00:47]} 40.
Kf2 {[%clk 00:01:00]} {[%emt 00:00:19]} Qb2+ {[%clk 00:01:11]} {[%emt
00:00:27]} 41. Be2 {[%clk 00:26:26]} {[%emt 00:05:03]} Qa2 {[%clk 00:31:34]}
{[%emt 00:00:07]} 42. Qb4 {[%clk 00:26:04]} {[%emt 00:00:52]} Kh7 {[%clk
00:29:51]} {[%emt 00:02:13]} 43. a5 {[%clk 00:25:46]} {[%emt 00:00:49]} 1-0

[Event "NK21_Hoogeveen Open"]
[Site "Hoogeveen, Netherlands"]
[Date "2021.10.22"]
[Round "8.3"]
[White "Osterwald, Elwin"]
[Black "Roobol, Martin"]
[Result "1/2-1/2"]
[WhiteElo "2130"]
[BlackElo "2296"]

1. Nf3 {[%clk 01:30:56]} {[%emt 00:00:02]} g6 {[%clk 01:30:50]} {[%emt
00:00:11]} 2. d4 {[%clk 01:31:17]} {[%emt 00:00:09]} Bg7 {[%clk 01:30:38]}
{[%emt 00:00:41]} 3. g3 {[%clk 01:31:23]} {[%emt 00:00:23]} d5 {[%clk
01:26:17]} {[%emt 00:04:51]} 4. Bg2 {[%clk 01:30:27]} {[%emt 00:01:26]} Nf6
{[%clk 01:26:43]} {[%emt 00:00:05]} 5. c4 {[%clk 01:29:55]} {[%emt 00:01:01]}
dxc4 {[%clk 01:20:30]} {[%emt 00:06:42]} 6. Na3 {[%clk 01:26:22]} {[%emt
00:04:02]} O-O {[%clk 01:13:51]} {[%emt 00:07:09]} 7. Nxc4 {[%emt 00:13:37]}
Be6 {[%clk 01:04:12]} 8. b3 {[%clk 01:19:22]} {[%emt 00:04:33]} c5 {[%clk
00:51:11]} {[%emt 00:13:31]} 9. O-O {[%clk 01:16:18]} {[%emt 00:03:33]} cxd4
{[%clk 00:49:18]} {[%emt 00:02:24]} 10. Nxd4 {[%clk 01:14:14]} {[%emt
00:02:34]} Bd5 {[%clk 00:49:43]} {[%emt 00:00:04]} 11. Bb2 {[%clk 01:13:08]}
{[%emt 00:01:35]} Bxg2 {[%clk 00:49:47]} {[%emt 00:00:27]} 12. Kxg2 {[%clk
01:13:32]} {[%emt 00:00:06]} Qd5+ {[%clk 00:48:31]} {[%emt 00:01:46]} 13. Nf3
{[%clk 01:06:56]} {[%emt 00:07:06]} Nc6 {[%clk 00:47:33]} {[%emt 00:01:28]} 14.
Qxd5 {[%clk 01:04:37]} {[%emt 00:02:50]} Nxd5 {[%clk 00:47:11]} {[%emt
00:00:52]} 15. Bxg7 {[%clk 01:04:48]} {[%emt 00:00:18]} Kxg7 {[%clk 00:47:37]}
{[%emt 00:00:04]} 1/2-1/2